000 00763cam a2200253 a 4500
008
020 _a9780340900468 (pbk.)
049 _aMAIN
090 _aRM301.28
_bTEX
245 0 2 _aA textbook of clinical pharmacology and therapeutics/
_c James M. Ritter ...[et al.]
250 _a5th ed.
260 _aLondon :
_bHodder Arnold,
_c2008.
300 _ax, 465 p. :
_bill. (some col.) ;
_c28 cm.
500 _aIncludes index.
504 _aIncludes bibliographical references.
650 0 _aClinical pharmacology.
650 2 _aPharmacology.
700 1 _aRitter, James M.
907 _a.b10290448
_b01-02-11
_c01-02-11
003
005 20230120204053.0
040 _cNUST
942 _cBOOKS
_kRM301.28
_mTEX
999 _c116575
_d116575